Le collectionneur, Yoa paroles - Statistiques

Statistiques générales
  • Ce quiz a été pris 14 fois
  • Le résultat moyen est 271 sur 289
Statistiques - réponses
Réponse % Correct
Au
100%
aurait
100%
celui
100%
Celui
100%
cherché
100%
collectionne
100%
de
100%
des
100%
dit
100%
es
100%
est
100%
Est-ce
100%
jamais
100%
Je
100%
(Je
100%
la
100%
larmes
100%
le
100%
Le
100%
ma
100%
Mais
100%
m’as
100%
mère
100%
mieux
100%
Ne
100%
ne
100%
ou
100%
Oui
100%
Quе
100%
que
100%
Que
100%
questions
100%
qui
100%
qu’il
100%
regretter
100%
réponses
100%
résonnent
100%
risque
100%
sans
100%
suis
100%
ta
100%
trouver
100%
Tu
100%
tu
100%
vaut
100%
abandonne
92%
as
92%
autour
92%
autres?
92%
aux
92%
bruit
92%
ça
92%
Ça
92%
c’est
92%
Cette
92%
chanson
92%
coeur
92%
coеur
92%
déteste
92%
déteste)
92%
doigts?
92%
Du
92%
elle
92%
et
92%
Et
92%
faire
92%
fait
92%
faute
92%
fière
92%
filles
92%
l’as
92%
Les
92%
les
92%
mal
92%
mes
92%
moi?
92%
n’arrive
92%
pas
92%
pierre
92%
pour
92%
pourquoi
92%
qu’à
92%
regrettes
92%
rendrais
92%
sais
92%
Si
92%
sur
92%
te
92%
toi?
92%
Toi
92%
toi
92%
ton
92%
tout
92%
viole
92%
vole
92%
voyait
92%
automne
83%
Comme
83%
Comment
83%
crié
83%
deviner?
83%
en
83%
feuilles
83%
font
83%
J’ai
83%
pu
83%
s’étiole
83%
t’aurais
83%
Tétanisée
83%
un
83%
brisé
75%
jeté
75%
sort
75%
cognent
67%
qu’est-c’qu’elle
50%
s’ra
42%
Aucun quiz correspondant
Distribution des résultats
% des personnes avec chaque résultat
Percentile par nombre de réponses
Votre historique - résultats
Vous n’avez pas pris ce quiz